|
|
|
|
| LEADER |
00810ncm a22002532a 4500 |
| 001 |
001234227 |
| 003 |
CZ BrMZK |
| 005 |
20180823134107.0 |
| 007 |
qu |
| 008 |
120725s1965 au |||||||||||||||||ger d |
| 040 |
|
|
|a BOA001
|b cze
|
| 072 |
|
7 |
|a 784
|x Vokální hudba
|2 Konspekt
|9 9
|
| 100 |
1 |
|
|a Jagger, Mick,
|d 1943-
|7 jn20000700790
|4 cmp
|
| 245 |
1 |
0 |
|a Satisfaction
|h [hudebnina] /
|c Mick Jagger, Keith Richard
|
| 260 |
|
|
|a Wien :
|b Weltmusik,
|c 1965
|
| 300 |
|
|
|a 1 sv. (nestránkován)
|
| 490 |
1 |
|
|a Ein Weltmusik Schlager
|
| 500 |
|
|
|a Zpěv a klavír
|
| 700 |
1 |
|
|a Richards, Keith,
|d 1943-
|7 ola2002151808
|4 cmp
|
| 830 |
|
0 |
|a Weltmusik Schlager
|
| 910 |
|
|
|a BOA001
|b Mus4-0571.432
|
| 990 |
|
|
|a MU
|
| 991 |
|
|
|b 201207
|
| 996 |
6 |
|
|b 2619104467
|c Mus4-0571.432
|l MZK
|r Sklad / do 1 hodiny
|n 0
|w 001268218
|u 000010
|a 1
|e BOA001
|j MZK50
|s P
|